00676nam a2200241 a 4500001001300000003000900013005001700022008004100039020001000080082001500090100002000105245002800125260003800153300001000191500003500201505003000236650002300266700002000289902000800309942000700317952009500324999001500419nice12345678IN_TiNIC20260116011440.0050524s1931 lona grp 000 0 eng  ac10000a220.7bPEA aPeake, Arthur S aCommentary on the Bible aLondonbT. C & E.C.Jack Ltdc1931 a1014p aincludes index and biblioraphy2 aBibliography, Index, Maps aBible-Commentaries1 aPeake, Arthur S bSRS cBK 00104070aHMIbHMId2007-06-18g100.00l0o220.7 PEAp3435r2007-06-18w2026-01-16yARB c1624d1624